[Event "UZB-ch"]
[Site "Tashkent"]
[Date "2019.07.02"]
[Round "1"]
[White "Nigmatov, Ortik"]
[Black "Dzhumaev, Marat"]
[Result "1/2-1/2"]
[WhiteElo "2488"]
[BlackElo "2439"]
[PlyCount "88"]
[EventDate "2019.07.02"]
[EventType "tourn"]
[EventRounds "13"]
[EventCountry "UZB"]
[EventCategory "6"]
[SourceTitle "CBM 191 Extra"]
[Source "ChessBase"]
[SourceDate "2019.09.30"]
[SourceVersion "1"]
[SourceVersionDate "2019.09.30"]
[SourceQuality "1"]

1. e4 e5 2. Nf3 Nc6 3. Bc4 Nf6 4. d3 Be7 5. 0-0 0-0 6. Re1 d6 7. a4 a6 8. c3 Na5 9. Ba2 c5 10. h3 Bd7 11. d4 Qc7 12. Bg5 b5 13. Nbd2 cxd4 14. cxd4 bxa4 15. Nf1 Ra7 16. Ne3 Qb8 17. Nd5 Nxd5 18. Bxd5 Bxg5 19. Nxg5 Bc6 20. dxe5 dxe5 21. Rc1 Bxd5 22. exd5 h6 23. Nf3 Nb3 24. Rc4 Re8 25. Qd3 Qb5 26. Rxe5 Raa8 27. Rxe8+ Rxe8 28. d6 Rd8 29. Qe4 Qb8 30. d7 Rxd7 31. g4 Rd8 32. g5 Qd6 33. h4 Nd2 34. Nxd2 Qxd2 35. gxh6 Qxh6 36. Rxa4 Rd6 37. Qe3 Qh5 38. Kh2 Kh7 39. Rf4 Rg6 40. Qf3 Qe5 41. Qe4 Qxe4 42. Rxe4 Kh6 43. Rf4 Rb6 44. Rxf7 Rxb2 1/2-1/2

[Event "Tashkent zt 3.4"]
[Site "Tashkent"]
[Date "2019.05.22"]
[Round "1"]
[White "Dzhumaev, Marat"]
[Black "Kasimdzhanov, Rustam"]
[Result "0-1"]
[WhiteElo "2432"]
[BlackElo "2652"]
[PlyCount "80"]
[EventDate "2019.05.22"]
[EventType "swiss"]
[EventRounds "9"]
[EventCountry "UZB"]
[SourceTitle "CBM 190 Extra"]
[Source "ChessBase"]
[SourceDate "2019.07.15"]
[SourceVersion "1"]
[SourceVersionDate "2019.07.15"]
[SourceQuality "1"]

1. c4 c5 2. Nc3 g6 3. Nf3 Bg7 4. e3 Nf6 5. d4 cxd4 6. exd4 d5 7. Bg5 Ne4 8. cxd5 Nxg5 9. Nxg5 0-0 10. Qd2 Na6 11. Bc4 Nc7 12. a4 b6 13. h4 Bb7 14. h5 Nxd5 15. hxg6 hxg6 16. Bxd5 Bxd5 17. Qf4 f6 18. Nf3 Qd7 19. 0-0-0 Rac8 20. Kb1 Rc4 21. Qd2 Rfc8 22. Qc2 Be6 23. Nh4 g5 24. d5 gxh4 25. dxe6 Qxe6 26. Rhe1 Qf7 27. Rd7 Bf8 28. Re3 a6 29. Qf5 R8c5 30. Nd5 Rd4 31. Nxe7+ Bxe7 32. Rexe7 Rxf5 33. Rxf7 Rxd7 34. Rxd7 Rxf2 35. Rd4 Rxg2 36. Rxh4 Re2 37. Rb4 Re6 38. Kc2 Kf7 39. Kd3 f5 40. Rc4 a5 0-1